00504nam a2200181Ia 4500001000700000003000500007008004100012010001100053040000900064100002000073245010400093260008000197300001000277440000500287500000500292503000500297650002000302Z_2068CHAP220113s1992 xx 000 0 und d a165141 cCHAP aMjelde, James W aExotic ungulate production : summary of survey results /cby James W. Mjelde... /cand others /c aCollege Station, Texas :bThe Texas Agricultural Experiment Station,c1992 a42 p. a a a aUngulados I. t.